000 00836nam a2200253Ia 4500
005 20240530110146.0
008 140319s1992 xx 000 0 ara d
040 _aGCL /
_cGCL
082 0 4 _a811.5 /
_bا م
100 1 _aاسامة بن منقذ
245 1 0 _aالمنازل والديار /
_cتاليف اسامة بن منقذ ، محقق مصطفى حجازى
260 _aالكويت :
_bدار سعاد الصباح ،
_c1992
300 _a592 ص؛
_b24 سم
490 _aسلسلة التراث
650 0 4 _aالشعر العربى
650 0 4 _aالادب العربى
650 0 4 _aالادب
650 0 4 _aشعر الرثاء
650 0 4 _aالشعر
650 0 4 _aالمجموعات
700 1 _aمصطفى حجازى
_eمحقق
942 _2ddc
_cBK
999 _c59043
_d59043